| 000 | 00642nam a22002057a 4500 | ||
|---|---|---|---|
| 003 | OSt | ||
| 005 | 20180410142313.0 | ||
| 008 | 180410s2017 sp a | |||| 001 spa d | ||
| 017 |
_aM 25260-2017 _bOficina Depósito Legal Madrid |
||
| 020 | _a9788441539631 | ||
| 040 |
_aSpMaBN _bcat _cCDMR |
||
| 100 | 1 | _aRodríguez Fernández, Óscar | |
| 245 | 1 | 0 |
_aCurso de community manager _b: edición 2018 / _cÓscar Rodríguez Fernández |
| 260 |
_aMadrid _bAnaya Multimedia _cD.L. 2017 |
||
| 300 |
_a454 p. _bil., gráf. _c23 cm |
||
| 500 | _aÍndice | ||
| 650 | 0 | 4 |
_aXarxes socials en línia _93128 |
| 650 | 4 |
_aMàrqueting digital _94161 |
|
| 942 | _cMON | ||
| 999 |
_c7118 _d7118 |
||